[Event "29. Staufer-Open (A)"]
[Site "?"]
[Date "2017.01.05"]
[Round "8"]
[White "Wöllermann, Jan"]
[Black "Flach, Erich"]
[Result "1-0"]
[WhiteElo "2384"]
[BlackElo "2077"]
[PlyCount "101"]
[EventDate "2017.??.??"]
[WhiteTeam "AE Magdeburg"]
[BlackTeam "SK Langen"]

1. d4 Nf6 2. c4 c5 3. d5 e6 4. Nc3 exd5 5. cxd5 d6 6. Nf3 g6 7. Bf4 a6 8. a4
Bg7 9. h3 O-O 10. e3 Qe7 11. Nd2 Nbd7 12. Be2 Rb8 13. Qb3 Ne8 14. O-O Nc7 15.
Nc4 Ne5 16. Nb6 Na8 17. Nxa8 Rxa8 18. a5 f5 19. Bh2 g5 20. Rfe1 f4 21. exf4
gxf4 22. f3 Ng6 23. Bf1 Be5 24. Ne4 Nh4 25. Nxc5 Nf5 26. Nd3 Ne3 27. Nxe5 dxe5
28. d6+ Qf7 29. Rxe3 Be6 30. Qc3 fxe3 31. Qxe3 Rac8 32. Bxe5 Qg6 33. f4 Rc2 34.
Rd1 Bf5 35. Qb3+ Be6 36. Qf3 Bf5 37. Bd3 Bxd3 38. Qd5+ Rf7 39. Rxd3 Kf8 40. Rb3
Rc1+ 41. Kh2 Qb1 42. Re3 Rh1+ 43. Kg3 Qg6+ 44. Kf2 Qb1 45. Qc5 Qg1+ 46. Kf3
Qd1+ 47. Kg3 Kg8 48. Qc8+ Rf8 49. Qe6+ Rf7 50. Kh4 Qc2 51. Qe8+ 1-0

[Event "29. Staufer-Open (A)"]
[Site "?"]
[Date "2017.01.05"]
[Round "8"]
[White "Pfreundt, Jakob"]
[Black "Karimi, Farhad"]
[Result "1-0"]
[WhiteElo "2347"]
[BlackElo "2093"]
[PlyCount "49"]
[EventDate "2017.??.??"]
[WhiteTeam "Königsspr. SC"]
[BlackTeam "Satranç Club"]

1. Nf3 Nf6 2. g3 e6 3. Bg2 a6 4. c4 b5 5. Ne5 Ra7 6. b3 bxc4 7. bxc4 Bb7 8. O-O
Bxg2 9. Kxg2 c5 10. Nc3 Qc7 11. Nf3 Nc6 12. d3 d5 13. cxd5 exd5 14. e4 dxe4 15.
dxe4 Bd6 16. Bg5 O-O 17. Bxf6 gxf6 18. Nd5 Qd8 19. Nh4 Re8 20. Qa4 Re6 21. Qxc6
Bxg3 22. Qxc5 Bxh4 23. Qxa7 Rxe4 24. Rad1 f5 25. Kh1 1-0

[Event "29. Staufer-Open (A)"]
[Site "?"]
[Date "2017.01.05"]
[Round "8"]
[White "Einwiller, Dieter"]
[Black "Keller, Peter"]
[Result "0-1"]
[WhiteElo "2108"]
[BlackElo "2295"]
[PlyCount "130"]
[EventDate "2017.??.??"]
[WhiteTeam "SF Pfullingen"]
[BlackTeam "Frankfurter TV"]

1. d4 d5 2. Bf4 Nf6 3. e3 c5 4. Nf3 Nc6 5. Be2 Qb6 6. Nc3 a6 7. Rb1 cxd4 8.
exd4 Bg4 9. Na4 Qa5+ 10. c3 e6 11. b4 Qd8 12. O-O Be7 13. Nc5 Qc8 14. Re1 O-O
15. h3 Bh5 16. a4 a5 17. b5 Nb8 18. Nb3 Nbd7 19. Bd2 Nb6 20. Ra1 Ne4 21. Qc2
Qc7 22. Rec1 Rfc8 23. Be1 Bd6 24. g3 Qe7 25. Ne5 Bxe2 26. Qxe2 Bxe5 27. dxe5
Rc4 28. f3 Nc5 29. Nxc5 Qxc5+ 30. Bf2 Qc7 31. Qd1 Nd7 32. f4 Rc8 33. Bd4 Nc5
34. Kg2 Ne4 35. Ra3 Qe7 36. Ra2 Nxc3 37. Bxc3 Rxc3 38. Rxc3 Rxc3 39. Qd4 Qc5
40. Qxc5 Rxc5 41. Ra3 Rc4 42. Kf3 Kf8 43. Ke3 Ke8 44. h4 h5 45. Ra1 Kd7 46. Ra2
Kc7 47. f5 Re4+ 48. Kf3 Rxe5 49. Rc2+ Kd7 50. fxe6+ fxe6 51. b6 d4 52. Rc7+ Kd6
53. Rxb7 d3 54. Rb8 Rd5 55. Ke3 d2 56. Rd8+ Kc6 57. Rxd5 exd5 58. Kxd2 Kxb6 59.
Ke3 Kc5 60. Kf4 d4 61. Kg5 d3 62. Kxh5 d2 63. g4 d1=Q 64. Kg5 Qxa4 65. h5 Qc6
0-1

[Event "29. Staufer-Open (A)"]
[Site "?"]
[Date "2017.01.05"]
[Round "8"]
[White "Weiss, Andreas"]
[Black "Gebhardt, Uwe"]
[Result "1-0"]
[WhiteElo "2250"]
[BlackElo "2080"]
[PlyCount "97"]
[EventDate "2017.??.??"]
[WhiteTeam "SG Schwäbisch Gmünd"]
[BlackTeam "SC Weiße Dame Ulm"]

1. e4 g6 2. d4 Bg7 3. Nc3 d6 4. g3 Nc6 5. Be3 e5 6. dxe5 Nxe5 7. h3 Nf6 8. Qd2
Be6 9. O-O-O O-O 10. Bh6 Re8 11. Bxg7 Kxg7 12. f4 Nc4 13. Bxc4 Bxc4 14. Nf3 b5
15. b3 b4 16. Nb1 Bb5 17. e5 dxe5 18. Qxb4 Qb8 19. Nxe5 Kg8 20. Nc3 Ba6 21.
Qxb8 Raxb8 22. g4 Rb4 23. g5 Bb7 24. Rhe1 Nh5 25. Nd3 Rxe1 26. Rxe1 Rd4 27. Nb5
Rd8 28. Nxc7 Bc8 29. Nb5 a6 30. Nd6 Bxh3 31. Nb7 Rc8 32. Nbc5 Bf5 33. b4 Kg7
34. Kd2 Rd8 35. Kc3 Rd6 36. Re7 Rc6 37. Rxf7+ Kxf7 38. Ne5+ Ke8 39. Nxc6 Nxf4
40. Nxa6 Ne6 41. Nd4 Nxg5 42. Nxf5 gxf5 43. Nc7+ Kd7 44. Nd5 h5 45. Nf6+ Kc6
46. Nxh5 Kb5 47. Kb3 Ne4 48. c4+ Kc6 49. Nf4 1-0

[Event "29. Staufer-Open (A)"]
[Site "?"]
[Date "2017.01.05"]
[Round "8"]
[White "Holle, Cedric"]
[Black "Danada, Tomas"]
[Result "1/2-1/2"]
[WhiteElo "2043"]
[BlackElo "2246"]
[PlyCount "64"]
[EventDate "2017.??.??"]
[WhiteTeam "SVG Saarbrücken"]

1. e4 g6 2. d4 Bg7 3. Nc3 a6 4. f4 d5 5. Nxd5 e6 6. Ne3 Qxd4 7. Bd3 Nc6 8. Nf3
Qd7 9. O-O Nb4 10. f5 Nxd3 11. cxd3 Nf6 12. g4 gxf5 13. gxf5 b6 14. Nc4 Bb7 15.
Nfe5 Qe7 16. Bf4 Rg8 17. Bg3 Qc5+ 18. d4 Qe7 19. fxe6 Qxe6 20. d5 Qh3 21. Nxf7
Nxe4 22. Qd3 Bd4+ 23. Qxd4 Rxg3+ 24. hxg3 Qxg3+ 25. Kh1 Qh4+ 26. Kg1 Qg4+ 27.
Kh2 Qe2+ 28. Kg1 Qg4+ 29. Kh2 Qh4+ 30. Kg1 Qg3+ 31. Kh1 Qh3+ 32. Kg1 Qg4+
1/2-1/2

[Event "29. Staufer-Open (A)"]
[Site "?"]
[Date "2017.01.05"]
[Round "8"]
[White "Reimche, Vadim"]
[Black "Weller, Manuel"]
[Result "0-1"]
[WhiteElo "2057"]
[BlackElo "2220"]
[PlyCount "82"]
[EventDate "2017.??.??"]
[WhiteTeam "TG Biberach"]
[BlackTeam "SC Schwarzenbach"]

1. d4 Nf6 2. c4 e6 3. Nf3 b6 4. g3 Bb7 5. Bg2 Be7 6. Nc3 O-O 7. O-O Ne4 8. Qd3
Nxc3 9. bxc3 f5 10. h4 Be4 11. Qd1 Qc8 12. Nd2 Bxg2 13. Kxg2 Qb7+ 14. f3 f4 15.
g4 Bxh4 16. Rh1 Be7 17. Qc2 g6 18. Ne4 Nc6 19. Qa4 d5 20. Nf2 Rf7 21. Nd3 Raf8
22. cxd5 exd5 23. Qb5 Na5 24. Ne5 c6 25. Qa4 Rf6 26. Rb1 Qc7 27. Kf2 Bd6 28.
Nd3 Nc4 29. Nb2 b5 30. Qd1 Na3 31. Ra1 Re8 32. Qd3 Rfe6 33. Re1 Qe7 34. Nd1
Qh4+ 35. Kf1 Qh1+ 36. Kf2 Qh2+ 37. Kf1 Qh3+ 38. Kg1 Nc4 39. a4 Ne3 40. Bxe3
fxe3 41. axb5 Qh2+ 0-1

[Event "29. Staufer-Open (A)"]
[Site "?"]
[Date "2017.01.05"]
[Round "8"]
[White "Schulze, Andreas"]
[Black "Degenhard, Simon"]
[Result "0-1"]
[WhiteElo "2206"]
[BlackElo "1979"]
[PlyCount "78"]
[EventDate "2017.??.??"]
[WhiteTeam "TG Biberach"]
[BlackTeam "Heilbronner SV"]

1. e4 c5 2. Nf3 e6 3. d4 cxd4 4. Nxd4 a6 5. Nc3 Qc7 6. Bd3 Nf6 7. O-O Bc5 8.
Nb3 Be7 9. Qe2 d6 10. f4 Nbd7 11. Bd2 b5 12. Rae1 Bb7 13. e5 Nd5 14. Kh1 O-O
15. Nxd5 Bxd5 16. Bc3 dxe5 17. fxe5 g6 18. Bd2 Bh4 19. Bb4 Bxe1 20. Bd6 Qc6 21.
Bxf8 Rxf8 22. Rxe1 Rc8 23. Qf2 Qc7 24. Qf4 Bc4 25. Bxc4 Qxc4 26. Qxc4 bxc4 27.
Nd4 Rc5 28. Nf3 Ra5 29. Nd2 c3 30. bxc3 Rxa2 31. Rc1 Nxe5 32. c4 Nd3 33. cxd3
Rxd2 34. Kg1 Rxd3 35. Kf2 Kf8 36. Ke2 Rd6 37. c5 Rd8 38. Ke3 Ke7 39. Ra1 Rd5
0-1

[Event "29. Staufer-Open (A)"]
[Site "?"]
[Date "2017.01.05"]
[Round "8"]
[White "Dorst, Johannes"]
[Black "Benkö, Florian"]
[Result "1-0"]
[WhiteElo "2191"]
[BlackElo "1983"]
[PlyCount "45"]
[EventDate "2017.??.??"]
[WhiteTeam "SK Marburg"]
[BlackTeam "SC Tettnang"]

1. e4 Nc6 2. d4 d5 3. e5 f6 4. f4 Nh6 5. Be3 Bf5 6. Nf3 e6 7. h3 Be4 8. Nbd2 f5
9. Ng5 Qd7 10. Ndxe4 dxe4 11. Bc4 Nd8 12. d5 exd5 13. Bxd5 Qb5 14. Bb3 Nhf7 15.
c3 Qa6 16. Nxf7 Nxf7 17. Bxf7+ Kxf7 18. Qd7+ Kg6 19. g4 Kh6 20. Qxf5 g6 21. g5+
Kg7 22. Qd7+ Kg8 23. e6 1-0

[Event "29. Staufer-Open (B)"]
[Site "?"]
[Date "2017.01.05"]
[Round "8"]
[White "Vengring, Antal"]
[Black "Gheng, Simona"]
[Result "1/2-1/2"]
[WhiteElo "1928"]
[BlackElo "1975"]
[PlyCount "74"]
[EventDate "2017.??.??"]
[WhiteTeam "Post-SV Ulm"]
[BlackTeam "SF Deizisau"]

1. c4 e6 2. g3 d5 3. Bg2 Nf6 4. Nc3 d4 5. Ne4 Nbd7 6. d3 Nxe4 7. Bxe4 Bb4+ 8.
Bd2 Bxd2+ 9. Qxd2 e5 10. f4 O-O 11. f5 Nc5 12. Nf3 Qd6 13. g4 Nxe4 14. dxe4 f6
15. Rg1 Bd7 16. g5 Kh8 17. g6 a5 18. a3 h6 19. Rg4 Bc6 20. Rh4 Kg8 21. Kf2 Qc5
22. Rc1 d3+ 23. Qe3 Qxe3+ 24. Kxe3 dxe2 25. Kxe2 Rfd8 26. b3 Rd7 27. Rd1 Rad8
28. Rxd7 Rxd7 29. Nd2 Rd4 30. Ke3 b5 31. c5 Bb7 32. Nf3 Rd1 33. Rg4 Ba6 34. Rg1
Rxg1 35. Nxg1 Kf8 36. Ne2 Ke7 37. Nc3 c6 1/2-1/2

[Event "29. Staufer-Open (B)"]
[Site "?"]
[Date "2017.01.05"]
[Round "8"]
[White "Costa, Leonardo"]
[Black "Reitz, Helmut"]
[Result "0-1"]
[WhiteElo "1620"]
[BlackElo "1872"]
[PlyCount "98"]
[EventDate "2017.??.??"]
[WhiteTeam "SK München Südost"]
[BlackTeam "SV Würzburg"]

1. e4 e5 2. Nf3 d6 3. Bc4 Nf6 4. d3 Be7 5. O-O O-O 6. h3 c6 7. Nc3 Nbd7 8. Re1
b5 9. Bb3 Nc5 10. Be3 Nxb3 11. axb3 Qc7 12. b4 a6 13. d4 Re8 14. Qd3 Bb7 15.
dxe5 dxe5 16. Bc5 Bxc5 17. bxc5 b4 18. Na4 Rad8 19. Qc4 a5 20. Nb6 Nd7 21. Rxa5
Nxb6 22. cxb6 Qxb6 23. Rxe5 Ba6 24. Rxe8+ Rxe8 25. Qd4 c5 26. Qd5 Bb7 27. Qf5
Qc7 28. Nd2 Bc8 29. Qf3 c4 30. c3 b3 31. Qe2 Be6 32. Ra1 Qc6 33. f3 h6 34. Nf1
Ra8 35. Qe1 Qc5+ 36. Kh1 Rxa1 37. Qxa1 Qf2 38. Kh2 h5 39. Qc1 Qc2 40. Qd2 g6
41. g4 hxg4 42. hxg4 f5 43. gxf5 gxf5 44. Qg2+ Kf7 45. Ne3 Qd3 46. exf5 Bxf5
47. Nxf5 Qxf5 48. Kg1 Qb1+ 49. Kf2 Qxb2+ 0-1

[Event "29. Staufer-Open (B)"]
[Site "?"]
[Date "2017.01.05"]
[Round "8"]
[White "Meusel, Rolf"]
[Black "Schmitt, Roland"]
[Result "1/2-1/2"]
[WhiteElo "1867"]
[BlackElo "1939"]
[PlyCount "55"]
[EventDate "2017.??.??"]
[WhiteTeam "SK Handschuhsheim"]
[BlackTeam "SK Großsachsen"]

1. e4 c5 2. Nf3 d6 3. d4 cxd4 4. Nxd4 Nf6 5. Nc3 g6 6. Be2 Bg7 7. Be3 O-O 8.
Qd2 Nc6 9. Nxc6 bxc6 10. O-O Re8 11. h3 Qa5 12. Bf3 Nd7 13. Nd1 Qa4 14. Nc3 Qb4
15. Nd1 Qa4 16. Nc3 Qa5 17. Nd1 Qc7 18. Rb1 Nb6 19. Qa5 Be6 20. b3 d5 21. Nb2
d4 22. Bd2 c5 23. Be2 Qd6 24. Rbd1 Bd7 25. Nc4 Qc6 26. f3 Nxc4 27. Bxc4 Qb6 28.
a4 1/2-1/2

[Event "29. Staufer-Open (B)"]
[Site "?"]
[Date "2017.01.05"]
[Round "8"]
[White "Schulz, Uwe"]
[Black "Häussler, Stefan"]
[Result "0-1"]
[WhiteElo "1840"]
[BlackElo "1921"]
[PlyCount "58"]
[EventDate "2017.??.??"]
[WhiteTeam "SF Heubach"]
[BlackTeam "SC Leinzell"]

1. e4 c6 2. d4 d5 3. f3 dxe4 4. fxe4 e5 5. Nf3 exd4 6. Bc4 Be6 7. Bxe6 fxe6 8.
Qxd4 Nd7 9. Ng5 e5 10. Qc4 Qe7 11. Be3 Ngf6 12. O-O h6 13. Ne6 Nb6 14. Bxb6
axb6 15. Nxf8 Rxf8 16. Nd2 b5 17. Qc3 O-O-O 18. Qe3 Ng4 19. Qe2 Qc5+ 20. Kh1
Nf2+ 21. Rxf2 Qxf2 22. Qg4+ Kb8 23. Nf3 g5 24. h3 Qxc2 25. Qg3 Qxb2 26. Re1 Rf4
27. Rf1 Qe2 28. Re1 Rd1 29. Kh2 Rxe1 0-1

[Event "29. Staufer-Open (B)"]
[Site "?"]
[Date "2017.01.05"]
[Round "8"]
[White "Rupprecht, Jürgen"]
[Black "Thyron, Franz"]
[Result "1-0"]
[WhiteElo "1654"]
[BlackElo "1774"]
[PlyCount "65"]
[EventDate "2017.??.??"]
[WhiteTeam "SK Ilvesheim"]
[BlackTeam "SF Ravensburg"]

1. e4 e6 2. f4 d5 3. e5 g6 4. Nf3 Ne7 5. d4 b6 6. Nc3 Nf5 7. Bd3 Bb4 8. Bd2
Bxc3 9. Bxc3 Ng7 10. Bb4 a5 11. Ba3 Nd7 12. Bb5 Bb7 13. Ng5 c6 14. Bd3 c5 15.
dxc5 bxc5 16. Bb5 Rc8 17. Qg4 Nf5 18. Qh3 h6 19. c3 Bc6 20. Bxc6 Rxc6 21. g4
Ng7 22. O-O-O Nxe5 23. Nxe6 fxe6 24. fxe5 Qg5+ 25. Kb1 Rf8 26. Qd3 c4 27. Qc2
Rf7 28. Qa4 Rfc7 29. Rhf1 Nf5 30. gxf5 gxf5 31. Rg1 Qh5 32. Rg8+ Kd7 33. Rdg1
1-0

[Event "29. Staufer-Open (A)"]
[Site "?"]
[Date "2017.01.06"]
[Round "9"]
[White "Teske, Henrik"]
[Black "Miezis, Normunds"]
[Result "1/2-1/2"]
[WhiteElo "2498"]
[BlackElo "2507"]
[PlyCount "36"]
[EventDate "2017.??.??"]
[WhiteTeam "SV Empor Erfurt"]
[BlackTeam "SC Emmendingen"]

1. Nf3 c5 2. g3 Nc6 3. Bg2 g6 4. c3 Bg7 5. d4 cxd4 6. cxd4 d5 7. Nc3 Nf6 8. Ne5
O-O 9. O-O e6 10. Nxc6 bxc6 11. Bf4 Nd7 12. Qd2 Re8 13. Rac1 Ba6 14. Rfd1 Rc8
15. e4 Nb6 16. b3 Bb7 17. h4 h5 18. Kh2 Qe7 1/2-1/2

[Event "29. Staufer-Open (A)"]
[Site "?"]
[Date "2017.01.06"]
[Round "9"]
[White "Nagy, Gabor"]
[Black "Fedorchuk, Sergey A"]
[Result "0-1"]
[WhiteElo "2433"]
[BlackElo "2625"]
[PlyCount "120"]
[EventDate "2017.??.??"]

1. Nf3 Nf6 2. c4 e6 3. Nc3 Bb4 4. Qc2 O-O 5. a3 Bxc3 6. Qxc3 d6 7. g3 e5 8. Bg2
a5 9. b3 c5 10. d3 Nc6 11. O-O h6 12. e3 Bf5 13. Bb2 Qc8 14. Rfe1 Re8 15. Nd2
Qe6 16. Rac1 Bh3 17. Bh1 Nh7 18. Ne4 Qg6 19. Qd2 Ng5 20. f4 Nxe4 21. Bxe4 Bf5
22. Bg2 exf4 23. e4 Bg4 24. gxf4 Bf3 25. Rc2 a4 26. Re3 axb3 27. Rxf3 bxc2 28.
Rg3 Qh7 29. Qxc2 g6 30. h4 Nd4 31. Qf2 Qg7 32. f5 Ra6 33. Bh3 Rb6 34. Rg2 Ra8
35. fxg6 fxg6 36. Bf5 Rxb2 37. Qxb2 Nf3+ 38. Kh1 Qxb2 39. Be6+ Kh8 40. Rxb2
Rxa3 41. Kg2 Rxd3 42. Rxb7 Nxh4+ 43. Kf2 Rf3+ 44. Ke2 Rf6 45. Rb8+ Kg7 46. Rb7+
Kf8 47. Rb8+ Ke7 48. Bd5 g5 49. Rb7+ Kf8 50. e5 dxe5 51. Rc7 Ng6 52. Rc8+ Ke7
53. Rc7+ Kd8 54. Rxc5 Nf4+ 55. Ke3 Nxd5+ 56. Rxd5+ Ke7 57. Ke4 g4 58. Kxe5 g3
59. Ra5 Rg6 60. Ra7+ Kd8 0-1

[Event "29. Staufer-Open (A)"]
[Site "?"]
[Date "2017.01.06"]
[Round "9"]
[White "Buckels, Valentin"]
[Black "Gavrilov, Alexei"]
[Result "0-1"]
[WhiteElo "2309"]
[BlackElo "2498"]
[PlyCount "92"]
[EventDate "2017.??.??"]
[WhiteTeam "SV Mülheim-Nord"]

1. d4 d5 2. c4 c6 3. e3 Bf5 4. cxd5 cxd5 5. Qb3 Qc7 6. Bb5+ Bd7 7. Nc3 e6 8.
Bd2 Nc6 9. Rc1 a6 10. Bd3 Bd6 11. Nf3 Nf6 12. e4 dxe4 13. Nxe4 Nxe4 14. Bxe4
Bf4 15. Bxf4 Qxf4 16. Qe3 Qxe3+ 17. fxe3 Ke7 18. Kf2 Rac8 19. a3 h6 20. h4 Rhd8
21. b4 f6 22. Rc2 a5 23. Rb1 axb4 24. axb4 g5 25. hxg5 hxg5 26. g4 Rh8 27. Kg3
f5 28. Bxc6 Bxc6 29. Ne5 Be4 30. Rxc8 Rxc8 31. Rb2 Rc3 32. Kf2 Rc1 33. Nf3 Kf6
34. Ne5 Rh1 35. Kg3 Rg1+ 36. Kh2 Re1 37. Rf2 Rb1 38. Nd7+ Kg6 39. Nc5 Bd5 40.
Nd3 fxg4 41. Ne5+ Kh5 42. Rf8 Rxb4 43. Kg1 Kh4 44. Nd3 Rb1+ 45. Rf1 Rxf1+ 46.
Kxf1 Bc4 0-1

[Event "29. Staufer-Open (A)"]
[Site "?"]
[Date "2017.01.06"]
[Round "9"]
[White "Hecht, Carsten"]
[Black "Kantor, Gergely"]
[Result "0-1"]
[WhiteElo "2240"]
[BlackElo "2448"]
[PlyCount "140"]
[EventDate "2017.??.??"]
[WhiteTeam "LSV Turm Lippstadt"]

1. e4 e5 2. Nf3 Nc6 3. Bb5 a6 4. Ba4 Nf6 5. O-O Be7 6. d3 b5 7. Bb3 d6 8. a3
O-O 9. Nc3 Rb8 10. h3 Na5 11. Ba2 c5 12. Nd5 Nxd5 13. Bxd5 Bb7 14. Bxb7 Rxb7
15. c3 c4 16. d4 Bf6 17. Be3 Nb3 18. dxe5 dxe5 19. Qxd8 Rxd8 20. Rad1 Rbd7 21.
Rxd7 Rxd7 22. Rb1 Kf8 23. Kf1 Ke7 24. Ke2 Ke6 25. Rd1 Rxd1 26. Kxd1 Be7 27. Nd2
Nc5 28. Bxc5 Bxc5 29. Ke2 Kd7 30. g3 f6 31. f4 exf4 32. gxf4 g5 33. fxg5 fxg5
34. Nf3 h6 35. h4 gxh4 36. Nxh4 Be7 37. Nf3 Bg5 38. a4 bxa4 39. Ne5+ Kd6 40.
Nxc4+ Kc5 41. Ne5 h5 42. Nd7+ Kc6 43. Nb8+ Kb5 44. e5 Kc4 45. Nxa6 Be7 46. e6
Kb3 47. c4 Kxc4 48. Nc7 h4 49. Kf3 Kc5 50. Kg4 Kc6 51. Ne8 Kd5 52. Nc7+ Ke5 53.
Ne8 Kxe6 54. Kh3 Bg5 55. Kg4 Be7 56. Kh3 Kd7 57. Ng7 Kc7 58. Nf5 Bf6 59. Ne3
Bxb2 60. Nd5+ Kd8 61. Kxh4 a3 62. Nb4 Ke7 63. Kg4 Ke6 64. Kf4 Kd6 65. Ke4 Kc5
66. Nc2 a2 67. Kd3 Kb5 68. Ke2 Kc4 69. Kd2 Kb3 70. Kd1 Kc3 0-1

[Event "29. Staufer-Open (A)"]
[Site "?"]
[Date "2017.01.06"]
[Round "9"]
[White "Krassowizkij, Jaroslaw"]
[Black "Womacka, Mathias"]
[Result "1-0"]
[WhiteElo "2447"]
[BlackElo "2435"]
[PlyCount "103"]
[EventDate "2017.??.??"]
[WhiteTeam "SV Griesheim"]
[BlackTeam "SK Schwäbisch Hall"]

1. c4 c5 2. Nf3 Nf6 3. Nc3 e6 4. g3 b6 5. Bg2 Bb7 6. O-O Be7 7. Re1 d5 8. cxd5
Nxd5 9. Nxd5 Qxd5 10. d4 cxd4 11. Qxd4 O-O 12. Bg5 Bxg5 13. Qxd5 Bxd5 14. Nxg5
Bxg2 15. Kxg2 Na6 16. Rac1 Rfd8 17. Rc4 Rd2 18. Rec1 g6 19. R1c2 Rxc2 20. Rxc2
h6 21. Nf3 Rb8 22. Nd4 Rb7 23. Nb5 Nb4 24. Rc8+ Kg7 25. a3 Nd5 26. Ra8 a5 27.
Nd6 Re7 28. e4 Nf6 29. Rb8 e5 30. Rxb6 Re6 31. Nc4 Rxb6 32. Nxb6 Nxe4 33. Nc4
a4 34. Nxe5 Kf6 35. Nd3 Ke6 36. f3 Nd6 37. Nc5+ Kd5 38. Nxa4 Kc4 39. Nc3 Kb3
40. Nd1 Kc2 41. Ne3+ Kxb2 42. a4 Kc3 43. a5 Kd4 44. a6 Nb5 45. Ng4 h5 46. Nh6
f6 47. Ng8 Ke5 48. Ne7 g5 49. Nc6+ Kd5 50. a7 Nc7 51. Nd8 Na8 52. Kf2 1-0

[Event "29. Staufer-Open (A)"]
[Site "?"]
[Date "2017.01.06"]
[Round "9"]
[White "Bayer, Bernhard"]
[Black "Bogdanov, Egor"]
[Result "1/2-1/2"]
[WhiteElo "2436"]
[BlackElo "2379"]
[PlyCount "66"]
[EventDate "2017.??.??"]
[WhiteTeam "SK Weilheim"]
[BlackTeam "SF Gerresheim"]

1. d4 Nf6 2. c4 g6 3. f3 Bg7 4. e4 O-O 5. Nc3 d6 6. Be3 Nc6 7. Nge2 a6 8. Qd2
Rb8 9. Rb1 e6 10. h4 h5 11. Bg5 Qe8 12. Bh6 Bxh6 13. Qxh6 e5 14. d5 Nd4 15. Rd1
b5 16. Nxd4 exd4 17. Rxd4 bxc4 18. Rd2 Qe5 19. Qe3 c6 20. Bxc4 cxd5 21. Nxd5
Nxd5 22. Bxd5 Rxb2 23. Rxb2 Qxb2 24. O-O Re8 25. Rc1 Be6 26. Bxe6 Rxe6 27. Rc8+
Kg7 28. Qc3+ Qxc3 29. Rxc3 Re5 30. Rd3 a5 31. Kf2 Rc5 32. Ke3 Kf6 33. Kf4 d5
1/2-1/2

[Event "29. Staufer-Open (A)"]
[Site "?"]
[Date "2017.01.06"]
[Round "9"]
[White "Dgebuadze, Alexandre"]
[Black "Kahrovic, Mersid"]
[Result "1-0"]
[WhiteElo "2505"]
[BlackElo "2268"]
[PlyCount "52"]
[EventDate "2017.??.??"]
[BlackTeam "SF 90 Spraitbach"]

1. e4 c5 2. Nc3 Nc6 3. Nge2 e5 4. Nd5 Nf6 5. Nxf6+ Qxf6 6. Nc3 d6 7. Nd5 Qd8 8.
Bc4 Be6 9. O-O Be7 10. d3 Qd7 11. a4 O-O-O 12. c3 Rdf8 13. a5 Kb8 14. a6 b6 15.
Bb5 Rc8 16. Qa4 Bd8 17. d4 Qe8 18. dxe5 dxe5 19. b4 Bd7 20. bxc5 bxc5 21. Be3
Bb6 22. Rab1 Ka8 23. Rfd1 Qe6 24. Qa2 Nb8 25. Nxb6+ axb6 26. Bc4 Qf6 1-0

[Event "29. Staufer-Open (A)"]
[Site "?"]
[Date "2017.01.06"]
[Round "9"]
[White "Müller, Reinhold"]
[Black "Stets, Dmitry"]
[Result "1-0"]
[WhiteElo "2256"]
[BlackElo "2425"]
[PlyCount "107"]
[EventDate "2017.??.??"]
[WhiteTeam "SC Schwarzenbach"]
[BlackTeam "SF Gerresheim"]

1. d4 Nf6 2. c4 g6 3. Nf3 Bg7 4. g3 O-O 5. Bg2 d6 6. O-O Nc6 7. Nc3 Bf5 8. d5
Na5 9. Nd4 Bd7 10. b3 c5 11. dxc6 bxc6 12. Bb2 Rb8 13. Rb1 c5 14. Nc2 Nc6 15.
Qd2 Qc8 16. Rfd1 Bh3 17. Bh1 h5 18. Ne3 Re8 19. Ncd5 Nxd5 20. Nxd5 Be6 21. Qg5
Bxb2 22. Rxb2 Bxd5 23. Bxd5 Kg7 24. Bxc6 Qxc6 25. Rd5 a5 26. Rbd2 a4 27. R2d3
axb3 28. axb3 Ra8 29. Rf3 Qd7 30. Kg2 Ra2 31. Qe3 f6 32. Qxc5 h4 33. h3 hxg3
34. Rxg3 Rxe2 35. Qd4 Qe6 36. Rdg5 Qe4+ 37. Qxe4 Rxe4 38. Rxg6+ Kf7 39. R6g4
Re2 40. Rg7+ Ke6 41. Rg8 Rxg8 42. Rxg8 Rb2 43. Rg3 f5 44. Rc3 f4 45. h4 Kf5 46.
h5 Kg5 47. c5 dxc5 48. Rxc5+ Kg4 49. h6 f3+ 50. Kg1 Rxb3 51. h7 Rb8 52. Re5 Kh3
53. Rh5+ Kg4 54. h8=Q 1-0

[Event "29. Staufer-Open (A)"]
[Site "?"]
[Date "2017.01.06"]
[Round "9"]
[White "Velicka, Petr"]
[Black "Gießmann, Stephan"]
[Result "1/2-1/2"]
[WhiteElo "2420"]
[BlackElo "2250"]
[PlyCount "43"]
[EventDate "2017.??.??"]
[WhiteTeam "SK Passau"]
[BlackTeam "SK Kelheim"]

1. e4 e6 2. d4 d5 3. Nd2 c5 4. exd5 exd5 5. Bb5+ Nc6 6. Ne2 Bd6 7. dxc5 Bxc5 8.
O-O Nge7 9. Nb3 Bb6 10. Ned4 O-O 11. Re1 Qd6 12. Bf1 Nf5 13. Nxf5 Bxf5 14. c3
d4 15. cxd4 Nxd4 16. Nxd4 Qxd4 17. Qe2 Rae8 18. Be3 Qd5 19. Qb5 Qxb5 20. Bxb5
Re5 21. Bxb6 Rxb5 22. Bd4 1/2-1/2

[Event "29. Staufer-Open (A)"]
[Site "?"]
[Date "2017.01.06"]
[Round "9"]
[White "Zeller, Frank"]
[Black "Ewert, Hannes"]
[Result "0-1"]
[WhiteElo "2389"]
[BlackElo "2184"]
[PlyCount "94"]
[EventDate "2017.??.??"]
[WhiteTeam "SK Schwäbisch Hall"]
[BlackTeam "SV Hellern"]

1. Nf3 Nf6 2. c4 e6 3. Nc3 d5 4. d4 Be7 5. Bg5 c6 6. e3 O-O 7. Bd3 Nbd7 8. O-O
dxc4 9. Bxc4 c5 10. Qe2 cxd4 11. exd4 Nb6 12. Bb3 Bd7 13. Ne5 Bc6 14. Rad1 Bd5
15. Nxd5 Nbxd5 16. f4 g6 17. Bh6 Re8 18. Ba4 Qa5 19. Bxe8 Nxe8 20. g4 Nd6 21.
f5 exf5 22. gxf5 g5 23. f6 Bxf6 24. Nd7 Re8 25. Qg2 Ne4 26. Rde1 Bxd4+ 27. Kh1
Ne3 28. Qf3 Qd5 29. Nf6+ Nxf6 30. Bxg5 Qxf3+ 31. Rxf3 Nfd5 32. Rf5 Re6 33. Rf3
b6 34. h4 Re4 35. Rg3 Kf8 36. Reg1 Nf5 37. Rg4 Rxg4 38. Rxg4 Bxb2 39. Rc4 Bf6
40. Bxf6 Nxf6 41. Kh2 Nd5 42. h5 Kg7 43. Kh3 Kh6 44. a4 a5 45. Re4 Kg5 46. h6
Kxh6 47. Re5 Nfe7 0-1

[Event "29. Staufer-Open (A)"]
[Site "?"]
[Date "2017.01.06"]
[Round "9"]
[White "Hildenbrand, Peter"]
[Black "Rafiee, Makan"]
[Result "1/2-1/2"]
[WhiteElo "2226"]
[BlackElo "2316"]
[PlyCount "56"]
[EventDate "2017.??.??"]
[WhiteTeam "SC Leimen"]
[BlackTeam "Kasseler SK"]

1. d4 Nf6 2. Bf4 e6 3. e3 Be7 4. c3 b6 5. h3 Bb7 6. Nf3 c5 7. Nbd2 O-O 8. Bd3
cxd4 9. exd4 d6 10. Qe2 Nbd7 11. O-O Re8 12. Rfe1 Bf8 13. Rad1 Qc7 14. Bh2 Bc6
15. Bb5 Bxb5 16. Qxb5 a6 17. Qb3 b5 18. Nf1 Rab8 19. Ng5 Qc6 20. f3 a5 21. a3
Nb6 22. Nd2 h6 23. Nge4 Nfd5 24. Qa2 Rec8 25. Rc1 Nc4 26. Nb1 Qb6 27. b3 Nce3
28. Qf2 f5 1/2-1/2

[Event "29. Staufer-Open (A)"]
[Site "?"]
[Date "2017.01.06"]
[Round "9"]
[White "Wartlick, Karl"]
[Black "Jurek, Josef"]
[Result "0-1"]
[WhiteElo "2208"]
[BlackElo "2272"]
[PlyCount "194"]
[EventDate "2017.??.??"]
[WhiteTeam "TSV Willsbach"]
[BlackTeam "SG Schwäbisch Gmünd"]

1. c4 Nf6 2. Nf3 b6 3. e3 Bb7 4. Nc3 e6 5. Be2 c5 6. O-O Be7 7. d4 cxd4 8. Nxd4
a6 9. b3 O-O 10. Bb2 d6 11. Bf3 Qc7 12. Re1 Nbd7 13. Rc1 Rfe8 14. a4 Rac8 15.
Qc2 Bf8 16. Qb1 Qb8 17. Rcd1 Bxf3 18. Nxf3 Qb7 19. Ng5 Red8 20. Nce4 Nxe4 21.
Nxe4 Nc5 22. Ng5 f5 23. Bd4 Re8 24. Qa2 h6 25. Nf3 Qe4 26. Nd2 Qc6 27. Nf3 Ra8
28. Nh4 Kh7 29. Qc2 Qe4 30. Qxe4 fxe4 31. g3 Nxb3 32. Bxb6 Rec8 33. Re2 Rxc4
34. Rb2 Nc1 35. a5 Rb8 36. Ng2 Nd3 37. Re2 Rbc8 38. Nf4 Nxf4 39. gxf4 Kg6 40.
Kg2 d5 41. Rb1 Ra4 42. Reb2 Rcc4 43. Bd4 Bb4 44. Be5 Kf7 45. Bd4 g6 46. Be5 Ke8
47. Kg3 Kd7 48. Kg4 Kc6 49. h4 Kb5 50. h5 gxh5+ 51. Kxh5 Rxa5 52. Kxh6 Ra3 53.
Kg6 a5 54. Kf7 Rc6 55. Rg1 Rd3 56. Rg6 a4 57. Rxe6 Rxe6 58. Kxe6 a3 59. Rb1 a2
60. Ra1 Rd2 61. f5 Kc4 62. f6 Rxf2 63. f7 Kd3 64. Bd4 Kc4 65. Bg7 Kb3 66. Bd4
Ba3 67. Bg7 d4 68. Bxd4 Bb2 69. Bxb2 Kxb2 70. Rd1 a1=Q 71. Rxa1 Kxa1 72. Ke5
Rxf7 73. Kxe4 Kb2 74. Kd5 Kc3 75. e4 Ra7 76. e5 Ra5+ 77. Kd6 Kd4 78. e6 Ra6+
79. Kd7 Ke5 80. e7 Ra7+ 81. Kd8 Kd6 82. e8=N+ Kc6 83. Nf6 Rf7 84. Ng4 Kd6 85.
Kc8 Rf4 86. Ne3 Kc5 87. Ng2 Re4 88. Kd7 Kd5 89. Kc7 Ke5 90. Kc6 Re2 91. Nh4 Rf2
92. Ng6+ Ke6 93. Kc5 Rf6 94. Nh4 Ke5 95. Ng2 Ke4 96. Ne1 Rf1 97. Ng2 Rh1 0-1